| 000 | 00779nam a22001937a 4500 | ||
|---|---|---|---|
| 999 |
_c4659 _d4659 |
||
| 003 | AR-CdUCM | ||
| 008 | 190311b ||||| |||| 00| 0 spa d | ||
| 040 |
_aMUNICIPALIDAD PROVINCIAL DEL CUSCO _cBIBLIOTECA MUNICIPAL DEL CUSCO |
||
| 082 |
_a129.85 / _bC965 |
||
| 100 |
_aCuéllar Reyes, Ladislao _914496 |
||
| 245 |
_aLas dos grandes vertientes del filosofar latinoamericano : _bEdiciones de la serie una nueva filosofia / |
||
| 260 |
_aLima : _bU.N.M.S.M., _c2006. |
||
| 300 |
_a226 páginas ; _c21 cm. |
||
| 505 | _aContenido: Marco teórico del problema y objeto del estudio -- La vertiente autóctona -- la vertiente occidental (o europeizante). | ||
| 650 |
_aFilosofía latinoamericana _914497 |
||
| 650 |
_aFilosofía peruana _914498 |
||
| 942 |
_2ddc _cLIBROS |
||
| 945 | _acmm | ||